Smackdown Roster - Statistics

General Stats
  • This quiz has been taken 10 times
  • The average score is 16 of 48
Answer Stats
Answer % Correct
Naomi
67%
Roman Reigns
67%
AJ Styles
56%
Cody Rhodes
56%
Jade Cargill
56%
Nia Jax
56%
Angel
44%
Bianca Belair
44%
Chelsea Green
44%
Jacob Fatu
44%
Kevin Owens
44%
Montez Ford
44%
Piper Niven
44%
Randy Orton
44%
Tama Tonga
44%
Tiffany Stratton
44%
Tonga Loa
44%
Angelo Dawkins
33%
Apollo Crews
33%
Austin Theory
33%
B-Fab
33%
Candice Lerae
33%
Elton Prince
33%
Giovanni Vinci
33%
Grayson Waller
33%
Jimmy Uso
33%
Johnny Gargano
33%
Kit Wilson
33%
Shinsuke Nakamura
33%
Solo Sikoa
33%
Alex Shelley
22%
Carmelo Hayes
22%
Dexter Lumis/Mercy the Buzzard
22%
Elektra Lopez
22%
Erick Rowan/Ramblin Rabitt
22%
LA Knight
22%
Michin
22%
Nikki Cross/Sister Abigail
22%
Santos Escobar
22%
Tomasso Ciampa
22%
Uncle Howdy/Bo Dallas
22%
Andrade
11%
Blare Davenport
11%
Joe Gacy/Huskus the Pig Boy
11%
Chris Sabin
0%
Humberto Carillo
0%
Karl Anderson
0%
Luke Gallows
0%
No matching quizzes found
Score Distribution
Percent of People with Each Score
Percentile by Number Answered
Your Score History
You have not taken this quiz